[Event "Tambov Region-ch"]
[Site "Tambov"]
[Date "2019.11.02"]
[Round "7"]
[White "Voynov, Aleksey S"]
[Black "Alpatsky, Sergey"]
[Result "1-0"]
[WhiteElo "1643"]
[BlackElo "1861"]
[PlyCount "59"]
[EventDate "2019.10.30"]
[EventType "tourn"]
[EventRounds "9"]
[EventCountry "RUS"]
[SourceTitle "CBM 192 Extra"]
[Source "Chessbase"]
[SourceDate "2019.11.06"]
[SourceVersion "1"]
[SourceVersionDate "2019.11.06"]
[SourceQuality "1"]

1. d4 d5 2. Nf3 Nf6 3. g3 Bf5 4. Bg2 e6 5. Bg5 h6 6. Bxf6 Qxf6 7. Nbd2 c5 8. c3 Nc6 9. e3 c4 10. 0-0 Bd6 11. Re1 g5 12. e4 dxe4 13. Nxe4 Bxe4 14. Rxe4 0-0-0 15. Qa4 Kb8 16. Qxc4 Rc8 17. Qe2 h5 18. Ne5 Qf5 19. Nxc6+ bxc6 20. c4 c5 21. dxc5 Qxc5 22. Qf3 Qb6 23. Rb1 a5 24. Re3 a4 25. Qa8+ Kc7 26. Qxa4 Bc5 27. Re2 Bd4 28. b4 e5 29. c5 Bxc5 30. Rc1 1-0

[Event "Tambov Region-ch"]
[Site "Tambov"]
[Date "2019.10.31"]
[Round "4"]
[White "Gorelov, Viktor N"]
[Black "Alpatsky, Sergey"]
[Result "0-1"]
[WhiteElo "1814"]
[BlackElo "1861"]
[PlyCount "74"]
[EventDate "2019.10.30"]
[EventType "tourn"]
[EventRounds "9"]
[EventCountry "RUS"]
[SourceTitle "CBM 192 Extra"]
[Source "Chessbase"]
[SourceDate "2019.11.06"]
[SourceVersion "1"]
[SourceVersionDate "2019.11.06"]
[SourceQuality "1"]

1. d4 d5 2. Nf3 Nf6 3. e3 e6 4. c4 Be7 5. Nc3 c6 6. Be2 Nbd7 7. 0-0 0-0 8. b3 a6 9. Bb2 Ne4 10. Rc1 f5 11. Ne5 Ndf6 12. f4 Bd7 13. Rf3 Be8 14. Rh3 Bd6 15. c5 Bxe5 16. fxe5 Ng4 17. Nxe4 dxe4 18. Bxg4 fxg4 19. Qxg4 Qd5 20. Rg3 Bg6 21. h4 Rf5 22. Rf1 Raf8 23. Rxf5 Rxf5 24. Qe2 Bh5 25. Qe1 Qd8 26. Rh3 Bg4 27. Rh2 Qe8 28. Bc3 Kh8 29. Bd2 Qh5 30. g3 Bf3 31. Rf2 Qg4 32. Kh2 g5 33. d5 cxd5 34. c6 bxc6 35. Qf1 gxh4 36. Rxf3 Rxf3 37. Qg1 hxg3+ 0-1

[Event "Tambov Region-ch"]
[Site "Tambov"]
[Date "2019.10.30"]
[Round "2"]
[White "Larionov, Sergey A"]
[Black "Alpatsky, Sergey"]
[Result "0-1"]
[WhiteElo "1496"]
[BlackElo "1861"]
[PlyCount "44"]
[EventDate "2019.10.30"]
[EventType "tourn"]
[EventRounds "9"]
[EventCountry "RUS"]
[SourceTitle "CBM 192 Extra"]
[Source "Chessbase"]
[SourceDate "2019.11.06"]
[SourceVersion "1"]
[SourceVersionDate "2019.11.06"]
[SourceQuality "1"]

1. e4 d5 2. e5 c5 3. c3 d4 4. Nf3 Nc6 5. Bb5 Bd7 6. Bxc6 Bxc6 7. 0-0 e6 8. d3 Be7 9. Bf4 h5 10. Re1 g5 11. Bc1 g4 12. Nfd2 dxc3 13. Ne4 cxb2 14. Bxb2 Nh6 15. Nf6+ Bxf6 16. exf6 Qd5 17. Re4 Qf5 18. Re3 0-0-0 19. Qc2 Qd5 20. f3 gxf3 21. Rxf3 Rhg8 22. Kh1 Qxf3 0-1

[Event "Tambov Region-ch 1st League"]
[Site "Tambov"]
[Date "2017.10.29"]
[Round "9"]
[White "Alpatsky, Sergey"]
[Black "Gaglazov, Mikhail"]
[Result "0-1"]
[WhiteElo "1874"]
[BlackElo "1648"]
[PlyCount "82"]
[EventDate "2017.10.25"]
[EventType "tourn"]
[EventRounds "9"]
[EventCountry "RUS"]
[SourceTitle "CBM 181 Extra"]
[Source "ChessBase"]
[SourceDate "2017.12.12"]
[SourceVersion "1"]
[SourceVersionDate "2017.12.12"]
[SourceQuality "1"]

1. e4 e6 2. d4 d5 3. e5 c5 4. c3 Qb6 5. Nf3 Nc6 6. a3 Bd7 7. Be2 cxd4 8. cxd4 Nge7 9. b4 Rc8 10. 0-0 Nf5 11. Be3 Be7 12. Qd3 Nb8 13. Nbd2 Ba4 14. Rac1 0-0 15. g4 Nxe3 16. fxe3 a6 17. Qb1 Bb5 18. Bd3 Bxd3 19. Qxd3 Nd7 20. g5 Rc7 21. Nb3 Rfc8 22. Qd2 Qa7 23. Rxc7 Rxc7 24. Rc1 Qb8 25. Rxc7 Qxc7 26. Nc5 Nxc5 27. bxc5 b6 28. cxb6 Qxb6 29. a4 Qb4 30. Qxb4 Bxb4 31. Kf2 Kf8 32. Ne1 Ke8 33. Nd3 Be7 34. h4 h6 35. Nc5 Bxc5 36. dxc5 hxg5 37. hxg5 Kd7 38. Ke2 Kc6 39. Kd3 Kxc5 40. Kc3 a5 41. e4 dxe4 0-1

[Event "Tambov Region-ch 1st League"]
[Site "Tambov"]
[Date "2017.10.26"]
[Round "3"]
[White "Pishchalnikov, Roman A"]
[Black "Alpatsky, Sergey"]
[Result "1/2-1/2"]
[WhiteElo "1836"]
[BlackElo "1874"]
[PlyCount "79"]
[EventDate "2017.10.25"]
[EventType "tourn"]
[EventRounds "9"]
[EventCountry "RUS"]
[SourceTitle "CBM 181 Extra"]
[Source "ChessBase"]
[SourceDate "2017.12.12"]
[SourceVersion "1"]
[SourceVersionDate "2017.12.12"]
[SourceQuality "1"]

1. d4 e6 2. e4 d5 3. Nc3 dxe4 4. Nxe4 h6 5. Nf3 Nf6 6. Bd3 Nbd7 7. h3 Nxe4 8. Bxe4 Nf6 9. Qd3 Nxe4 10. Qxe4 Qd5 11. Qxd5 exd5 12. Bf4 Be6 13. c3 0-0-0 14. 0-0-0 Be7 15. Rde1 Rhe8 16. Kd2 Bf8 17. Re2 f6 18. Rhe1 Bf7 19. Rxe8 Rxe8 20. Rxe8+ Bxe8 21. Ne1 g5 22. Bh2 b6 23. f4 Bd6 24. Nf3 gxf4 25. Nh4 Bd7 26. Ke2 f3+ 27. Nxf3 Be7 28. Bf4 h5 29. Nh4 Bd8 30. Kf3 Be6 31. Be3 Kd7 32. Kf4 c6 33. Ng6 Bc7+ 34. Kf3 Bf5 35. Nf4 h4 36. Bf2 Be4+ 37. Ke3 Bxf4+ 38. Kxf4 Bxg2 39. Bxh4 Bxh3 40. Bxf6 1/2-1/2

[Event "RUS-ch IPCA"]
[Site "Volgograd"]
[Date "2017.05.04"]
[Round "5"]
[White "Alpatsky, Sergey"]
[Black "Karpova, Marina"]
[Result "1-0"]
[WhiteElo "1920"]
[BlackElo "1730"]
[PlyCount "69"]
[EventDate "2017.04.30"]
[EventType "swiss"]
[EventRounds "9"]
[EventCountry "RUS"]
[SourceTitle "CBM 178 Extra"]
[Source "ChessBase"]
[SourceDate "2017.06.22"]
[SourceVersion "1"]
[SourceVersionDate "2017.06.22"]
[SourceQuality "1"]

1. e4 c6 2. d4 d5 3. Nc3 dxe4 4. Nxe4 Bf5 5. Ng3 Bg6 6. Nf3 e6 7. Bd3 Bxd3 8. Qxd3 Nf6 9. 0-0 Nbd7 10. Bf4 Nd5 11. Bd2 Be7 12. Rfe1 N7f6 13. c4 Nc7 14. Rad1 0-0 15. Bc3 a6 16. b3 b5 17. Ne4 h6 18. Ne5 Qe8 19. Qf3 Nxe4 20. Qxe4 Rc8 21. Nxc6 bxc4 22. Nxe7+ Qxe7 23. bxc4 Qa3 24. Qc2 Ne8 25. Qb3 Qxb3 26. axb3 Nf6 27. f3 Rfd8 28. Ra1 Ra8 29. Ra5 Rd6 30. b4 Rc6 31. Rc5 Rxc5 32. dxc5 Ne8 33. Ra1 f6 34. b5 Nc7 35. b6 1-0

[Event "RUS IPCA-ch"]
[Site "Nalchik"]
[Date "2016.05.06"]
[Round "7"]
[White "Palin, Denis"]
[Black "Alpatsky, Sergey"]
[Result "1-0"]
[WhiteElo "2160"]
[BlackElo "1874"]
[PlyCount "85"]
[EventDate "2016.04.30"]
[EventType "swiss"]
[EventRounds "9"]
[EventCountry "RUS"]
[SourceTitle "CBM 172 Extra"]
[Source "ChessBase"]
[SourceDate "2016.06.21"]
[SourceVersion "1"]
[SourceVersionDate "2016.06.21"]
[SourceQuality "1"]

1. e4 e5 2. Nf3 Nc6 3. Nc3 d6 4. h3 Nf6 5. d4 Be7 6. Be2 0-0 7. 0-0 Bd7 8. Be3 Re8 9. dxe5 Nxe5 10. Nxe5 dxe5 11. a3 a6 12. Bc4 b5 13. Ba2 c5 14. Qf3 Rf8 15. Nd5 Nxd5 16. Bxd5 Rc8 17. Rad1 Qc7 18. Qg3 Bf6 19. c3 Be6 20. Rd2 Rfd8 21. Rfd1 Bxd5 22. Rxd5 Rxd5 23. Rxd5 c4 24. Bg5 Bxg5 25. Qxg5 f6 26. Qg4 h5 27. Qxh5 Rd8 28. Qd1 Rxd5 29. Qxd5+ Kh7 30. g3 Qb6 31. Kg2 Qa7 32. Qc6 Kg6 33. h4 Kf7 34. a4 bxa4 35. Qxc4+ Kg6 36. Qxa4 Qb7 37. Qb4 Qxb4 38. cxb4 f5 39. Kf3 Kf6 40. exf5 Kxf5 41. g4+ Kf6 42. Ke4 g6 43. h5 1-0

[Event "Tambov Pavlyutin Memorial 5th"]
[Site "Tambov"]
[Date "2015.06.25"]
[Round "3"]
[White "Lomakina, Galja"]
[Black "Alpatsky, Sergey"]
[Result "1-0"]
[WhiteElo "2127"]
[BlackElo "1933"]
[PlyCount "109"]
[EventDate "2015.06.24"]
[EventType "tourn"]
[EventRounds "9"]
[EventCountry "RUS"]
[SourceTitle "CBM 167 Extra"]
[Source "ChessBase"]
[SourceDate "2015.09.14"]
[SourceVersion "1"]
[SourceVersionDate "2015.09.14"]
[SourceQuality "1"]

1. Nf3 Nf6 2. g3 g6 3. Bg2 Bg7 4. 0-0 0-0 5. d3 c6 6. e4 d5 7. Nbd2 Na6 8. e5 Ne8 9. Re1 Nac7 10. Nf1 f5 11. d4 Ne6 12. h4 h6 13. N1h2 N8c7 14. c3 Rb8 15. Qd3 Qe8 16. Bh3 b6 17. h5 g5 18. Bxf5 Rxf5 19. Qxf5 Nxd4 20. Qd3 Nde6 21. g4 Nc5 22. Qc2 Ba6 23. Rd1 Nd7 24. Be3 c5 25. Qd2 Qf7 26. e6 Qxe6 27. Re1 Qf7 28. Rad1 Bb7 29. Bxg5 hxg5 30. Qxg5 Ne6 31. Qe3 Ndf8 32. h6 d4 33. cxd4 cxd4 34. Qb3 Bxh6 35. Ne5 Qe8 36. Rxd4 Kh8 37. Rdd1 Bg7 38. Qg3 Ng5 39. Nhf3 Nxf3+ 40. Nxf3 Bxf3 41. Qxf3 Bxb2 42. Rd5 Kg8 43. Qb3 Qf7 44. Rg5+ Bg7 45. Rxe7 Qxb3 46. Rgxg7+ Kh8 47. axb3 a5 48. Rb7 Rc8 49. Rgf7 Kg8 50. Rf6 Ra8 51. Rfxb6 a4 52. Rb8 Ra7 53. Rf6 axb3 54. Rfxf8+ Kg7 55. Rf4 1-0

[Event "RUS IPCA-ch"]
[Site "Nalchik"]
[Date "2015.05.07"]
[Round "8"]
[White "Alpatsky, Sergey"]
[Black "Sataeva, Lana"]
[Result "1/2-1/2"]
[WhiteElo "1942"]
[BlackElo "1609"]
[PlyCount "75"]
[EventDate "2015.04.30"]
[EventType "swiss"]
[EventRounds "9"]
[EventCountry "RUS"]
[SourceTitle "EXT 2018"]
[Source "ChessBase"]
[SourceDate "2017.10.13"]
[SourceVersion "1"]
[SourceVersionDate "2017.10.13"]
[SourceQuality "1"]

1. f4 d5 2. Nf3 c5 3. e3 Nc6 4. b3 Nf6 5. Bb2 d4 6. Bd3 e6 7. 0-0 Be7 8. Na3 0-0 9. Nc4 a6 10. Nce5 dxe3 11. dxe3 Nb4 12. Qe2 Nxd3 13. Nxd3 b5 14. Nf2 Qb6 15. c4 Bb7 16. Rad1 bxc4 17. Qxc4 Bxf3 18. gxf3 Nd5 19. Rfe1 Qb5 20. Qe4 Qb4 21. Qc2 Rac8 22. Nd3 Qb5 23. Ne5 Bh4 24. Re2 Nb4 25. Qc4 Nxa2 26. Rg2 Qxc4 27. Nxc4 g6 28. Ba3 Nb4 29. Bxb4 cxb4 30. Ra2 Rc6 31. Ra4 Be7 32. Rd7 Bc5 33. Kf2 f6 34. Ke2 Rf7 35. Rd8+ Kg7 36. Ra8 Ra7 37. Rxa7+ Bxa7 38. Rxb4 1/2-1/2

[Event "Tambov Region-ch FL"]
[Site "Tambov"]
[Date "2014.10.26"]
[Round "8"]
[White "Alpatsky, Sergey"]
[Black "Suvorov, Alexander David"]
[Result "1-0"]
[WhiteElo "1819"]
[BlackElo "1976"]
[PlyCount "57"]
[EventDate "2014.10.22"]
[EventType "tourn"]
[EventRounds "9"]
[EventCountry "RUS"]
[SourceTitle "EXT 2023"]
[Source "ChessBase"]
[SourceDate "2022.10.05"]
[SourceVersion "1"]
[SourceVersionDate "2022.10.05"]
[SourceQuality "1"]

1. f4 d5 2. Nf3 Nc6 3. b3 Bg4 4. Bb2 Bxf3 5. exf3 f6 6. Bb5 Qd7 7. 0-0 a6 8. Bxc6 Qxc6 9. Re1 0-0-0 10. Nc3 Nh6 11. Ne2 e6 12. Nd4 Bc5 13. Kh1 Bxd4 14. Bxd4 Rhe8 15. c3 Qd6 16. Be3 Nf5 17. Qc2 d4 18. cxd4 g6 19. Qc3 Nxd4 20. Rac1 Rd7 21. Qb2 f5 22. Rc4 Nc6 23. Rec1 Kb8 24. b4 Ne7 25. b5 Nd5 26. Bc5 axb5 27. Bxd6 bxc4 28. Be5 Nb6 29. Qxb6 1-0

[Event "Tambov Region-ch FL"]
[Site "Tambov"]
[Date "2014.10.22"]
[Round "1"]
[White "Alpatsky, Sergey"]
[Black "Dikov, Alexander I"]
[Result "0-1"]
[WhiteElo "1819"]
[BlackElo "1997"]
[PlyCount "122"]
[EventDate "2014.10.22"]
[EventType "tourn"]
[EventRounds "9"]
[EventCountry "RUS"]
[SourceTitle "EXT 2023"]
[Source "ChessBase"]
[SourceDate "2022.10.05"]
[SourceVersion "1"]
[SourceVersionDate "2022.10.05"]
[SourceQuality "1"]

1. e4 c5 2. Nc3 d6 3. f4 a6 4. Nf3 e6 5. Be2 b5 6. 0-0 Bb7 7. d3 Be7 8. Qe1 Nf6 9. Qg3 0-0 10. Qh3 Nc6 11. Be3 d5 12. e5 d4 13. exf6 Bxf6 14. Ne4 dxe3 15. Nxc5 Bc8 16. c3 e5 17. Qg3 Qd6 18. Ne4 exf4 19. Nxd6 fxg3 20. hxg3 Bg4 21. Ne4 Be7 22. d4 f5 23. Nc5 Bd6 24. Kh2 Rf6 25. Rh1 Rh6+ 26. Kg1 Rxh1+ 27. Kxh1 Bxg3 28. Rd1 Rd8 29. Rd3 f4 30. Kg1 Bf5 31. Rd1 Rd6 32. Bd3 Bf2+ 33. Kf1 Bg4 34. Ne4 Bxf3 35. gxf3 Rh6 36. Nxf2 exf2 37. Rd2 Ne7 38. Be4 Rd6 39. Re2 Nd5 40. Bxd5+ Rxd5 41. Re6 a5 42. Kxf2 Kf7 43. Re4 g5 44. Kg2 a4 45. Kf2 h5 46. Ke2 Kf6 47. Kd3 Rf5 48. b3 axb3 49. axb3 g4 50. Ke2 g3 51. Kf1 Kg5 52. c4 bxc4 53. bxc4 h4 54. Kg2 Ra5 55. Re2 Ra3 56. Rd2 Rc3 57. c5 Kf5 58. Re2 Re3 59. Rc2 Re8 60. c6 h3+ 61. Kg1 Re1# 0-1